| 000 | 00399nam a2200169Ia 4500 | ||
|---|---|---|---|
| 001 | 9762 | ||
| 003 | IN-NITTTR | ||
| 005 | 20251114233051.0 | ||
| 008 | 251113s9999||||xx |||||||||||||| ||eng|| | ||
| 040 | _beng | ||
| 040 | _cIN-NITTTR | ||
| 041 | _aeng | ||
| 082 | _a530.41 K652I | ||
| 100 | _aKittel, Charles | ||
| 245 | 0 |
_aIntroduction to solid state physics / _cKittel, Charles |
|
| 942 |
_2ddc _cBK |
||
| 999 |
_c12399 _d12399 |
||